Vývoj vybraných CK na medzinárodnom trhu v období nestabilného ekonomického vývoja

Slovenské incomingové cestovné kancelárie a ich postavenie na trhu. Trendy vývoja manažmentu CK na medzinárodnom trhu EU. Kapitálové zabezpečenie a prepojenie cestovných kancelárií na iné inštitúcie. Autorka poukazuje na potrebu finančného sieťovania cestovných kancelárií za účelom posilnenia ich po...

Descrizione completa

Salvato in:
Dettagli Bibliografici
Autore principale: Puškelová, Mária
Natura: Capitolo di libro
Lingua:slovacco
Soggetti:
Tags: Aggiungi Tag
Nessun Tag, puoi essere il primo ad aggiungerne!!

MARC

LEADER 00000nla a2200000 4500
001 0163621
005 20240502072839.1
041 0 |a slo 
044 |a SK 
245 1 0 |a Vývoj vybraných CK na medzinárodnom trhu v období nestabilného ekonomického vývoja  |c Mária Puškelová 
520 |a Slovenské incomingové cestovné kancelárie a ich postavenie na trhu. Trendy vývoja manažmentu CK na medzinárodnom trhu EU. Kapitálové zabezpečenie a prepojenie cestovných kancelárií na iné inštitúcie. Autorka poukazuje na potrebu finančného sieťovania cestovných kancelárií za účelom posilnenia ich pozície na medzinárodnom trhu v období nestabilného ekonomického vývoja na konkrétnych príkladoch multinacionálnych cestovných kancelárií. 
610 2 0 |a ruch cestovný 
610 2 0 |a kancelárie cestovné 
610 2 0 |a kapitál finančný 
610 2 0 |a Slovensko 
610 2 0 |a trh medzinárodný 
100 1 |a Puškelová, Mária